The Moccasin Telegraph and other stories

Zapisane w:
Opis bibliograficzny
1. autor: Kinsella, WP
Format: Książka
Język:Undetermined
Wydane: Ontario, Canadá Penguin Books 1983
Hasła przedmiotowe:
Etykiety: Dodaj etykietę
Nie ma etykietki, Dołącz pierwszą etykiete!

MARC

LEADER 00000nam a2200000Ia 4500
008 170316s9999 xx 000 0 und d
040 |a cru BVZT 
090 |a 818 K-4m 
100 |a Kinsella, WP. 
245 4 |a The Moccasin Telegraph and other stories 
260 |a Ontario, Canadá 
260 |b Penguin Books 
260 |c 1983 
300 |a 196 páginas 
650 |a LITERATURA CANADIENSE 
942 |c 15 D 
999 |c 6487  |d 6487